Business Environment Bow Lane Limited V Deanwater Estates Limited (Record no. 79061)
[ view plain ]
| 000 -LEADER | |
|---|---|
| fixed length control field | 01847cab a22002295a 4500 |
| 001 - CONTROL NUMBER | |
| control field | L139642 |
| 008 - FIXED-LENGTH DATA ELEMENTS--GENERAL INFORMATION | |
| fixed length control field | 070802e20070627xxk f w 000 0 eng d |
| 035 ## - SYSTEM CONTROL NUMBER | |
| System control number | (Sirsi) u139642 |
| 041 0# - LANGUAGE CODE | |
| Language code of text/sound track or separate title | eng |
| 245 00 - TITLE STATEMENT | |
| Title | Business Environment Bow Lane Limited V Deanwater Estates Limited |
| Medium | [electronic resource] |
| 260 ## - PUBLICATION, DISTRIBUTION, ETC. | |
| Date of publication, distribution, etc. | 2007 |
| 520 ## - SUMMARY, ETC. | |
| Summary, etc. | [2007] EWCA Civ 622, 27 June 2007. B appealed against a decision that it was prevented by collateral contract from making charges for claims against the respondent D. D had negotiated the letting of premises from B's predecessor. D had terminated the contract with the predecessor upon agreement that the predecessor would not serve a schedule of dilapidations. B submitted that the judge's decision went further than previous cases in deciding the strictness of the test for a collateral contract, and that documentary evidence showed that the parties intended the issue to be dealt with by other means. D submitted that a collateral contract was implicit in the conclusion of the main contract. "Held": D had no defence to the claim based on collateral contract. Although well-established, collateral contracts with relation to land leases needed to be approached with caution, if not suspicion. If the binding promise was one in contract of disposition or sale, it would be unenforceable unless contained in written contract. |
| 590 ## - LOCAL NOTE (RLIN) | |
| Local note | KA |
| 650 24 - SUBJECT ADDED ENTRY--TOPICAL TERM | |
| Topical term or geographic name entry element | HEILBUT, SYMONS & CO V BUCKLETON |
| 650 24 - SUBJECT ADDED ENTRY--TOPICAL TERM | |
| Topical term or geographic name entry element | BRIKOM INVESTMENTS LTD V CARR |
| 650 24 - SUBJECT ADDED ENTRY--TOPICAL TERM | |
| Topical term or geographic name entry element | INNTREPRENEUR PUB COMPANY LIMITED V EAST CROWN LIMITED |
| 650 24 - SUBJECT ADDED ENTRY--TOPICAL TERM | |
| Topical term or geographic name entry element | LAW OF PROPERTY (MISCELLANEOUS PROVISIONS) ACT 1989 S2 |
| 651 #4 - SUBJECT ADDED ENTRY--GEOGRAPHIC NAME | |
| Geographic name | England and Wales |
| Chronological subdivision | 1543- |
| 690 ## - LOCAL SUBJECT ADDED ENTRY--TOPICAL TERM (OCLC, RLIN) | |
| Topical term or geographic name as entry element | PROPERTY-LANDLORD AND TENANT-DILAPIDATIONS |
| 856 40 - ELECTRONIC LOCATION AND ACCESS | |
| Uniform Resource Identifier | <a href="https://www.bailii.org/ew/cases/EWCA/Civ/2007/622.html">https://www.bailii.org/ew/cases/EWCA/Civ/2007/622.html</a> |
| Public note | View the item free of charge at www.bailii.org... |
| 942 ## - ADDED ENTRY ELEMENTS (KOHA) | |
| Suppress in OPAC | 0 |
| Withdrawn status | Lost status | Source of classification or shelving scheme | Damaged status | Not for loan | Home library | Current library | Shelving location | Date acquired | Total Checkouts | Full call number | Barcode | Date last seen | Copy number | Price effective from | Koha item type |
|---|---|---|---|---|---|---|---|---|---|---|---|---|---|---|---|
| Dewey Decimal Classification | Virtual | Virtual | Online | 02/08/2007 | ONLINE PUBLICATION | 139642-1001 | 06/08/2019 | 1 | 06/08/2019 | Journal article |